The handbook of competency mapping : understanding, designing and implementing competency models in organizations /

Bibliographic Details
Main Author: Sanghi, Seema, 1961-
Format: Book
Language:English
Published: Thousand Oaks, Calif. : Response Books, 2007 [printing 2009].
Edition:Second edition.
Subjects:
Classic Catalogue: View this record in Classic Catalogue
LEADER 01822nam a2200349 a 4500
001 15031136
003 BD-DhAAL
005 20250702153003.0
008 091112t20092007cau b 001 0 eng d
010 |a  2007040868 
020 |a 9780761935988 (paper back) 
040 |a DLC  |c DLC  |d DLC  |d BD-DhAAL 
082 0 0 |a 658.4/012  |2 22 
100 1 |a Sanghi, Seema,  |d 1961-  |9 58636 
245 1 4 |a The handbook of competency mapping :  |b understanding, designing and implementing competency models in organizations /  |c Seema Sanghi. 
250 |a Second edition. 
260 |a Thousand Oaks, Calif. :  |b Response Books,  |c 2007 [printing 2009]. 
263 |a 0710 
300 |a xii, 227 pages ;  |c 21 cm. 
504 |a Includes bibliographical references and index. 
505 0 |a Introduction to competency -- Developing competency models -- Issues related to developing competency models -- Competency-based application -- Formation of a competency framework -- Competency mapping and assessment centres -- Resistance and recommendations -- Generic competency dictionary -- Generic competency model for leadership role in any organization -- Competency model for HR. 
526 |a BBS  |x Requisitioned by Faculties of BBS Course name and no : N/A 
541 1 |a Karim International  |e 00019553 
650 0 |a Core competencies.  |9 25051 
650 0 |a Organizational effectiveness. 
650 0 |a Strategic planning. 
650 0 |a Management. 
650 0 |a Employees  |x Training of. 
852 4 |a Ayesha Abed Library   |j General Shelf. 
942 |2 ddc  |c BK 
999 |c 5500  |d 5500 
952 |0 0  |1 0  |2 ddc  |4 0  |6 658_401200000000000_SAN  |7 0  |9 5373  |a BRACUL  |b BRACUL  |c GEN  |d 2009-11-10  |e Karim International  |g 351.00  |l 1  |m 30  |o 658.4012 SAN  |p 3010019553  |r 2024-12-09  |s 2023-10-18  |t 1  |w 2009-11-15  |y BK  |x Requisitioned by Faculties of BBS. Course name and no. "not available".